00957nam a22001815i 4500001000700000003000900007005001700016008004100033080001600074100004600090245024200136260008200378300002100460650003700481852009500518999001900613952014300632163799ES-MaACL20230906212820.0050719s1833 sp | |||||||| ||spa d a616.932-0841 aRodríguez Nilo, José Román.913195010aNoticia sobre el cólera-morbo : bsus medios preservativos, primeros socorros y curación que conviene a los invadidos por él, publicada en Lisboa en junio de este año / cpor José Román Rodríguez Nilo ; traducida por F.S.C. aSevilla : b[s.n.], c1833 (fImp. del Diario de Comercio, calle de la Muela) a30 p. ; c20 cm. 4aCólera-xPrevención.91392644 aES-MaACLjT-131-F-5 z- Enc. hol., falto de cub. originalz- Enc. en un vol. facticio c163799d163799 001040708Colección_de_folletosaATENEOMbATENEOMcDEPOFd2008-01-17l0oT-131-F-5p1171660r2023-02-23 00:00:00w2023-02-23yFOLLETOS